Minecraft: Do you know - Statistics

General Stats
  • This quiz has been taken 285 times
    274 since last reset
  • The average score is 5 of 7
Answer Stats
Question Answer % Correct
When you ______ you will lose all your things (Not in your chest(s). Die
100%
Four blocks of wood planks can make a ______. Crafting Table
81%
The mobs that have a bow and arrows are called ______. Skeletons
80%
______ are mobs that can make annoying sounds and can break down doors. Zombies
80%
The mobs that blow up are called ______. Creepers
79%
When you put two small chests beside each other they will create a ______. Large Chest
73%
When you go to the Nether you will see many more of this mob than other mobs. Zombie Pigmen
52%
No matching quizzes found
Score Distribution
Percent of People with Each Score
Percentile by Number Answered
Your Score History
You have not taken this quiz since the last reset